| 000 | 00871ata a2200313 4500 | ||
|---|---|---|---|
| 005 | 20160919153813.0 | ||
| 008 | 150518b xxu||||| |||| 00| 0 spa d | ||
| 041 | _aspa | ||
| 082 | _a972.860.1 F386e3 | ||
| 100 |
_aFerrero Acosta, Luis _92424 |
||
| 245 | _aEntre el pasado y el futuro | ||
| 250 | _a3 edición | ||
| 260 |
_aCosta Rica _bCosta Rica _c2001 |
||
| 300 | _a248 páginas | ||
| 650 |
_aANTROPOLOGÍA _94698 |
||
| 650 |
_aINDIOS DE COSTA RICA _97570 |
||
| 650 |
_aCOSTA RICA _921405 |
||
| 650 |
_aHISTORIA _943 |
||
| 650 |
_aVIDA SOCIAL Y COSTUMBRES _97700 |
||
| 650 |
_aDESCUBRIMIENTOS _921406 |
||
| 650 |
_aEXPLORACIONES _921407 |
||
| 650 |
_aARTE PRECOLOMBINO _92425 |
||
| 650 |
_aAMERINDIOS _921408 |
||
| 650 |
_aCHAMANES _921409 |
||
| 650 |
_aVIVIENDAS INDÍGENAS _921410 |
||
| 650 |
_aCREENCIAS _93099 |
||
| 650 |
_aCOMERCIO _93 |
||
| 942 | _cBK | ||
| 999 |
_c5630 _d5630 |
||